Animals of Egypt - Sudden Death - Statistics

General Stats
  • This quiz has been taken 29 times
  • The average score is 4 of 16
Answers on the Grid
Answers color-coded by a green-red scale on the quiz's grid according to % correct below.
Crows
Kingfishers
Geckos
Cormorants
Dugongs
Vipers
Partriges
Skinks
Boobies
Parakeets
Foxes
Weasels
Hyraxes
Quails
Robins
Gerbils
Bears
Skunks
Guinea Pigs
Rattlesnakes
Hummingbirds
Armadillos
Pangolins
Civets
Condors
Raccoons
Zebu
Whipscorpions
Salamanders
Aardvarks
Deer
Cardinals
 
Answer Stats
Answer % Correct
Crows
53%
Vipers
53%
Foxes
42%
Geckos
42%
Gerbils
42%
Kingfishers
42%
Dugongs
21%
Hyraxes
21%
Cormorants
16%
Partriges
16%
Quails
16%
Skinks
16%
Weasels
16%
Boobies
11%
Parakeets
11%
Robins
11%
No matching quizzes found
Score Distribution
Percent of People with Each Score
Percentile by Number Answered
Your Score History
You have not taken this quiz